| 000 | 004460000a22001810004500 | ||
|---|---|---|---|
| 999 |
_c47962 _d47962 |
||
| 001 | 758 | ||
| 003 | CO-MdFUSB | ||
| 005 | 20181019155852.0 | ||
| 008 | 181019b xxu||||| |||| 00| 0 eng d | ||
| 040 | _cCO-MdBIC | ||
| 082 | 0 | 4 | _a813C L47f |
| 100 | 1 | _aLeaf, Munro | |
| 245 | 1 | 0 | _aThe Story of Ferdinand / Munro Leaf, il. : Robert Lawson |
| 260 | _aNew York : Scholastic | ||
| 300 | _a[ 64 P.] | ||
| 650 | 1 | 4 | _aLiteratura Infantil |
| 942 | _cLGB | ||